Green chemistry methods in sulfur dyeing : Application of various reducing d-sugars and analysis of the importance of optimum redox potential /

সংরক্ষণ করুন:
গ্রন্থ-পঞ্জীর বিবরন
প্রধান লেখক: Blackburn, Richard S.
অন্যান্য লেখক: Harvey, Anna.
বিন্যাস: প্রবন্ধ
ভাষা:English
বিষয়গুলি:
ট্যাগগুলো: ট্যাগ যুক্ত করুন
কোনো ট্যাগ নেই, প্রথমজন হিসাবে ট্যাগ করুন!
Thư viện lưu trữ: Thư viện Trường Đại học Đà Lạt
LEADER 00972nam a2200301 4500
001 DLU090094832
005 ##20091201
040 # # |a DLU  |b eng 
041 # # |a eng 
044 # # |a us 
100 # # |a Blackburn, Richard S. 
245 # # |a Green chemistry methods in sulfur dyeing : Application of various reducing d-sugars and analysis of the importance of optimum redox potential /  |c Richard S. Blackburn, Anna Harvey. 
653 # # |a Chemical industry 
653 # # |a Coloration 
653 # # |a Cotton fiber 
653 # # |a Sulfide dye 
653 # # |a Wasteless technology 
700 # # |a Harvey, Anna. 
773 # # |t Environmental Science & Technology  |g Vol. 38, no. 14 (July 2004), p. 4034-4039 
920 # # |a Phòng Tạp chí -- Trung tâm Thông tin - Thư viện Trường Đại học Đà Lạt 
994 # # |a DLU 
900 # # |a True 
911 # # |a Trương Bảo Trâm Anh 
925 # # |a G 
926 # # |a A 
927 # # |a BB 
980 # # |a Thư viện Trường Đại học Đà Lạt